|
|
|
|
| LEADER |
00829cam a2200265 7i4500 |
| 001 |
0000034197 |
| 005 |
20170329090000.0 |
| 007 |
##ta |
| 008 |
170329s2016 sz o 000 0 eng d |
| 020 |
# |
# |
|a 9783319267302
|
| 040 |
# |
# |
|a MATR
|
| 090 |
0 |
0 |
|a I 650
|b ACS
|
| 100 |
1 |
# |
|a Acs, Zoltan J.
|e author
|
| 245 |
1 |
0 |
|a Global Entrepreneurship and Development Index 2015.
|
| 264 |
# |
1 |
|a Cham:
|b Springer,
|c 2016.
|
| 300 |
# |
# |
|a 116 pages:
|b illustrations;
|c 24 cm.
|
| 336 |
# |
# |
|a text
|2 rdacontent
|
| 337 |
# |
# |
|a unmediated
|2 rdamedia
|
| 338 |
# |
# |
|a volume
|2 rdacarrier
|
| 504 |
# |
# |
|a Includes bibliographical references at the end of each chapters
|
| 650 |
# |
0 |
|a Entrepreneurship
|
| 650 |
# |
0 |
|a Economic development
|
| 700 |
1 |
# |
|a Szerb, Lazlo
|
| 700 |
1 |
# |
|a Autio, Erkko
|
| 999 |
|
|
|a 0000037543
|b Book
|c International
|e Business Information Centre
|